Quick Pick: Jessica Chastain Movies Quiz Stats

 Plays Quiz Updated Apr 18, 2019

Score 0/12 Timer 01:30
2 Plays Today
% Correct
Dark
95.4%
Zookeeper
91.8%
Shelter
91.6%
Disappearance
90%
Huntsman
87.4%
Peak
85.7%
Texas
84.8%
Game
84.2%
Europe
82.8%
Tree
78.4%
Year
75.3%
Sloane
63%

Today's Daily Dose

Word Ladder
Soccer Snafu

Get the Picture
Explorers by Country

You're not logged in!

Compare scores with friends on all Sporcle quizzes.
OR
Log In

Show Comments

Extras

Top Quizzes Today


Score Distribution

Your Account Isn't Verified!

In order to create a playlist on Sporcle, you need to verify the email address you used during registration. Go to your Sporcle Settings to finish the process.

Report this User

Report this user for behavior that violates our Community Guidelines.

Details: